| 000 | 00672nam a2200229 i 4500 | ||
|---|---|---|---|
| 001 | C2-0219281 | ||
| 003 | PPAK | ||
| 005 | 20180729134109.0 | ||
| 008 | 990825s1976 my |||| ||||| | may d | ||
| 040 |
_aPPAK _beng _cPPAK _erda |
||
| 082 | 0 | 4 |
_a922.09595112 _2 23 |
| 090 | 0 | 0 |
_a922.09595112 _bAHM _dKK |
| 100 | 0 |
_aAhmad Abdul Garni B. Hj. Said, _eauthor |
|
| 245 | 1 | 0 | _aTuan Hussain Kedah |
| 264 | 1 |
_aKuala Lumpur : _c1976 |
|
| 300 |
_a133 pages ; _c27 cm |
||
| 336 |
_2rdacontent _atext |
||
| 337 |
_2rdamedia _aunmediated |
||
| 338 |
_2rdacarrier _avolume |
||
| 500 | _aTesis - Latihan ilmiah Ijazah Sarjana Muda Sastera ; Tidak boleh difotokopi | ||
| 942 |
_ddc _cB |
||
| 999 |
_c161876 _d161876 |
||